• 首页
  • 本馆介绍
  • 公告通知
  • 最新文献
  • 馆藏检索
  • 电子资源
  • 读者导购
  • 参考咨询
  • 我的图书馆
  • 登录
  • 详细信息显示
  • 放入我的书架
  • 预约/预借图书
  • 作者相关作品
  • 分类相关作品
  • 丛书相关作品
  • 出版社相关作品

书目信息

  • 表格格式
  • 工作单格式
  • 卡片格式
题名:
现代牛顿力学的运动观测理论
    
 
作者: 周方 著
分册:  
出版信息: 北京   经济科学出版社  2016
页数: 225页
开本: 23cm
丛书名:
单 册:
中图分类: O31 , O156
科图分类:
主题词: 牛顿力学--niu dun li xue--研究 , 洛伦兹变换--luo lun zi bian huan--研究
电子资源:
ISBN: 978-7-5141-7248-5
000 01383nam0 22002891 450
001 0119165255
005 20170619165255.0
010    @a978-7-5141-7248-5@dCNY42.00
100    @a20161219d2016 em y0chiy50 ea
101 0  @achi
102    @aCN@b110000
105    @ay z 000yy
106    @ar
200 1  @a现代牛顿力学的运动观测理论@9xian dai niu dun li xue de yun dong guan ce li lun@dThe motion observation theory for modern newtonian mechanics@e兼评狭义相对论之“洛伦兹变换”@f周方著@zeng
205    @a2版
210    @a北京@c经济科学出版社@d2016
215    @a225页@d23cm
330    @a本书通过建立正确的物理模型及进行严谨的数学推导与论证分析,发现了“两坐标系有相对运动且真空中光速为有限值”情况下唯一存在的时间及空间坐标转换(“时空变换”),填补了牛顿力学发展中必须填补的最关键的空白,从而揭示并证明了有关认识论的一条极其重要的自然定律——“参考系平权”定律。书中还详尽分析了狭义相对论“洛伦兹变换”的实质,揭示了“洛伦兹变换”的真相。
510 1  @aMotion observation theory for modern newtonian mechanics@zeng
517 1  @a兼评狭义相对论之“洛伦兹变换”@9jian ping xia yi xiang dui lun zhi luo lun zi bian huan
606 0  @a牛顿力学@9niu dun li xue@x研究
606 0  @a洛伦兹变换@9luo lun zi bian huan@x研究
690    @aO31@v5
690    @aO156@v5
701  0 @a周方@9zhou fang@f(1932~)@4著
801  0 @aCN@b百万庄@c20170616
905    @b1011243-8@dO3@e75=2@f6
    
    现代牛顿力学的运动观测理论=The motion observation theory for modern newtonian mechanics:兼评狭义相对论之“洛伦兹变换”/周方著.-2版.-北京:经济科学出版社,2016
    225页;23cm
    
    
    ISBN 978-7-5141-7248-5:CNY42.00
    本书通过建立正确的物理模型及进行严谨的数学推导与论证分析,发现了“两坐标系有相对运动且真空中光速为有限值”情况下唯一存在的时间及空间坐标转换(“时空变换”),填补了牛顿力学发展中必须填补的最关键的空白,从而揭示并证明了有关认识论的一条极其重要的自然定律——“参考系平权”定律。书中还详尽分析了狭义相对论“洛伦兹变换”的实质,揭示了“洛伦兹变换”的真相。
●
相关链接 在E读中查询图书 在五车中查询图书 在当当中查询图书 在豆瓣中查询图书


正题名:现代牛顿力学的运动观测理论     索取号:O3/75=2         预约/预借

序号 登录号 条形码 馆藏地/架位号 状态 备注
1 1011243   210112439   第三借阅区/ [索取号:O3/75=2] 在馆    
2 1011244   210112448   教育系资料室/ [索取号:O3/75=2] 在馆    
3 1011245   210112457   教育系资料室/ [索取号:O3/75=2] 在馆    
4 1011246   210112466   教育系资料室/ [索取号:O3/75=2] 在馆    
5 1011247   210112475   第三借阅区/ [索取号:O3/75=2] 在馆    
6 1011248   210112484   第三借阅区/ [索取号:O3/75=2] 在馆    
7 990389   209903899   第二样本阅览室/ [索取号:O3/75=2] 在馆    
8 990390   209903906   第三借阅区/ [索取号:O3/75=2] 在馆    
9 990391   209903915   第三借阅区/ [索取号:O3/75=2] 在馆    
10 990392   209903924   数信系资料室/ [索取号:O3/75=2] 在馆    
唐山师范学院图书馆 欢迎您!
大连网信软件有限公司© 版权所有